Lata 70-te czy 80-te? - Statystyki

Ogólne statystyki
  • Ten quiz został rozwiązany 1 453 razy
  • Średni wynik to 10 z 15
Statystyki odpowiedzi
Zagadnienie Odpowiedź % Poprawnych
Upadek muru berlińskiego 80-te
91%
Stan Wojenny 80-te
91%
Dekada Gierka 70-te
83%
Michael Jackson popularyzuje Moonwalk 80-te
82%
Jan Paweł II został papieżem 70-te
78%
„Ojciec chrzestny” debiutuje w kinach 70-te
71%
Pierwszy dostępny na rynku telefon komórkowy 80-te
71%
Ali pokonuje Foremana w „The Rumble in the Jungle” 70-te
70%
Ronald Reagan pełni funkcję Prezydenta USA 80-te
68%
Zabójstwo księdza Popiełuszki 80-te
67%
Pierwsza wizyta prezydenta USA w komunistycznych Chinach 70-te
62%
„E.T. Pozaziemski” debiutuje w kinach 80-te
60%
Pierwsze strajki Solidarności 80-te
56%
Wynalezienie Tetrisa 80-te
49%
Założenie Apple 70-te
37%
Nie znaleziono quizów pasujących do podanych kryteriów
Rozkład punktacji
Procent ludzi z każdym wynikiem
Percentyl według liczby udzielonych odpowiedzi
Twoja historia wyników
Nie rozwiązałeś tego quizu